[Event "CP-2010-P-00015"]
[Site "LSS email"]
[Date "2010.09.28"]
[Round "?"]
[White "Llorente Gonzalez, Begona"]
[Black "Agustin, Santos Etxepare"]
[Result "1-0"]
[WhiteElo "2216"]
[BlackElo "1696"]
[PlyCount "57"]
[EventDate "2010.10.01"]
[EventType "tourn (corr)"]
[EventRounds "6"]
[EventCountry "GER"]
[SourceTitle "Corr 2022"]
[Source "ChessBase"]
[SourceDate "2021.10.24"]
[SourceVersion "1"]
[SourceVersionDate "2021.10.24"]
[SourceQuality "1"]

1. d4 Nf6 2. c4 c6 3. Nc3 d5 4. e3 e6 5. Nf3 Nbd7 6. Bd3 dxc4 7. Bxc4 c5 8. 0-0 a6 9. Bb3 b5 10. d5 c4 11. dxe6 fxe6 12. Bc2 Bb7 13. Ng5 Qc7 14. a4 b4 15. Ne2 b3 16. Bb1 Nc5 17. Nd4 e5 18. Qe2 Nd3 19. Nxb3 h6 20. Nh3 g5 21. f3 Rg8 22. Nd2 g4 23. fxg4 Rxg4 24. Nf3 Qg7 25. Bd2 Ne4 26. Ba5 Bc5 27. Kh1 Ke7 28. Rg1 Rg8 29. Be1 1-0

[Event "CP-2010-P-00015"]
[Site "LSS email"]
[Date "2010.09.28"]
[Round "?"]
[White "Szoller, Terez"]
[Black "Llorente Gonzalez, Begona"]
[Result "0-1"]
[WhiteElo "1670"]
[BlackElo "1352"]
[PlyCount "64"]
[EventDate "2010.10.01"]
[EventType "tourn (corr)"]
[EventRounds "6"]
[EventCountry "GER"]
[SourceTitle "Telechess CBM 147"]
[Source "ChessBase"]
[SourceDate "2012.03.16"]
[SourceVersion "1"]
[SourceVersionDate "2012.03.16"]
[SourceQuality "1"]

1. d4 Nf6 2. c4 e6 3. Nc3 c5 4. d5 d6 5. Nf3 h6 6. e4 Be7 7. Bd3 0-0 8. 0-0 Nbd7 9. h3 b6 10. Qc2 e5 11. Be3 Re8 12. a3 a6 13. Rab1 Qc7 14. b4 Bb7 15. Qb2 Bc8 16. Rfd1 Nf8 17. bxc5 bxc5 18. Qb6 Bd8 19. Qc6 Ra7 20. Nh4 Bd7 21. Qxc7 Bxc7 22. Nf5 Ng6 23. f3 Nf4 24. Bf1 N6h5 25. Kh2 Kh7 26. g3 g6 27. Nxd6 Bxd6 28. Rb6 Be7 29. Rdb1 Nxg3 30. Kxg3 Rf8 31. d6 Bg5 32. Bxc5 Raa8 0-1

[Event "LSS RE-2010-0-00043"]
[Site "LSS email"]
[Date "2010.09.14"]
[Round "?"]
[White "Llorente Gonzalez, Begona"]
[Black "Evans, Stanley W"]
[Result "1-0"]
[WhiteElo "1200"]
[BlackElo "1186"]
[PlyCount "57"]
[EventDate "2010.04.17"]
[EventType "tourn (corr)"]
[EventRounds "6"]
[EventCountry "GER"]
[SourceTitle "Telechess CBM 141"]
[Source "ChessBase"]
[SourceDate "2011.03.17"]
[SourceVersion "1"]
[SourceVersionDate "2011.03.17"]
[SourceQuality "1"]

1. e4 e5 2. Nf3 Nc6 3. Bb5 f5 4. d3 fxe4 5. dxe4 Nf6 6. 0-0 Bc5 7. Qd3 Nd4 8. Nxe5 Qe7 9. Nf3 Nxb5 10. Qxb5 Nxe4 11. Nc3 Nxc3 12. bxc3 0-0 13. Re1 Qd6 14. Qc4+ Kh8 15. Be3 Bb6 16. Ng5 Qg6 17. Bxb6 axb6 18. Nf7+ Kg8 19. Nd6+ Kh8 20. Qxc7 Qxc2 21. f3 h6 22. a4 Rxa4 23. Rxa4 Qxa4 24. Nxc8 Qa8 25. Ne7 Rd8 26. c4 Kh7 27. Qxb6 Re8 28. Qg6+ Kh8 29. c5 1-0

[Event "OP-2010-0-01255"]
[Site "LSS email"]
[Date "2010.09.07"]
[Round "?"]
[White "Llorente Gonzalez, Begona"]
[Black "Kovacs, Arthur"]
[Result "0-1"]
[WhiteElo "1346"]
[BlackElo "2360"]
[PlyCount "32"]
[EventDate "2010.09.03"]
[EventType "tourn (corr)"]
[EventRounds "4"]
[EventCountry "GER"]
[SourceTitle "Corr 2013"]
[Source "ChessBase"]
[SourceDate "2012.11.12"]
[SourceVersion "1"]
[SourceVersionDate "2012.11.12"]
[SourceQuality "1"]

1. e4 c6 2. d4 d5 3. exd5 cxd5 4. Nf3 Nc6 5. Bf4 Bg4 6. c3 e6 7. Qb3 Qd7 8. Nbd2 Nge7 9. h3 Bf5 10. g4 Bg6 11. 0-0-0 a6 12. Be2 b5 13. Rhe1 Na5 14. Qa3 Nec6 15. b4 Be7 16. Qb2 Nxb4 0-1